Pays du monde sans carte (de C à A) - Statistiques

Statistiques générales
  • Ce quiz a été pris 343 fois
    339 depuis la dernière actualisation
  • Le résultat moyen est 31 sur 47
Statistiques - réponses
Hint Réponse % Correct
C Chine
86%
A Allemagne
83%
C Canada
83%
B Belgique
82%
C Colombie
79%
A Algérie
78%
A Andorre
78%
A Australie
74%
B Bolivie
74%
C Cameroun
74%
A Afghanistan
73%
A Albanie
73%
A Arménie
73%
A Argentine
71%
A Azerbaïdjan
70%
C Corée du Nord
70%
C Corée du Sud
70%
C Croatie
70%
B Bénin
69%
A Angola
68%
C Chili
68%
A Autriche
67%
B Bhoutan
67%
B Birmanie
65%
C Cambodge
65%
B Brésil
64%
B Biélorussie
63%
B Bulgarie
63%
C Chypre
63%
A Antigua et Barbuda
61%
B Bahreïn
61%
C Cuba
61%
A Afrique du Sud
60%
C Comores
60%
B Bélize
59%
C Costa Rica
59%
B Barbade
58%
B Botswana
58%
B Burundi
57%
B Brunei
56%
A Arabie saoudite
55%
B Bahamas
55%
B Bangladesh
53%
B Bosnie-Herzégovine
53%
B Burkina Faso
53%
C Cap Vert
50%
C Côte d'Ivoire
45%
Aucun quiz correspondant
Distribution des résultats
% des personnes avec chaque résultat
Percentile par nombre de réponses
Votre historique - résultats
Vous n’avez pas pris ce quiz depuis la dernière actualisation